00882nam a2200229 a 4500001001000000003000500010005001700015008004100032010001100073011001100084040000900095100003200104245016200136260004100298500006000339502008700399650002800486650003000514650001600544650002200560856007000582000111549CHAP20220329144218.0150611s2015 mx a |sm |||||||spa d a108011 a108983 cCHAP1 aRamos Vásquez, Montserrat10aIdentificación de hongos ophiostomatales en Pinus chiapensis (Martínez) Andresen en Mazolapan, Teziutlan; Pue.h[En línea]cMontserrat Ramos Vásquez. aChapingo, Méx. :bEl autor,c2015. aPara ver el contenido del material haga clic en la liga aTesis (Ing. en Restauración Forestal) -- UACH. División de Ciencias Forestales14aDendroctonus adjunctus.14aHongosxIdentificación.14aOphiostoma.14aPinus chiapensis. aFinding aiduhttp://10.13.5.2/tesis/sist111549.pdfzTeclea aquí